Deutsches Streamer Quiz - Statistiken

Allgemein
  • Dieses Quiz wurde 346 mal gespielt
  • Das Durchschnittsergebnis liegt bei 5 aus 18
Antwortstatistiken
Hint Antwort % Korrekt
Papaplatte Kevin Andreas Teller
85%
Knossi Jens Heinz Richard Knossalla
69%
MontanaBlack Marcel Thomas Andreas Eris
51%
EliasN97 Elias Nerlich
48%
unsympatischTV Jan-Sascha Hellinger
45%
Rumathra Wieland Welte
43%
Trymacs Maximilian Alexander Curt Stemmler
33%
Rewinside Sebastian Meyer
25%
HandOfBlood Maximilian Knabe
21%
Reeze Dominik Reezmann
20%
JuliaBeautix Julia Willecke
20%
Paluten Patrick Mayer
19%
Gronkh Erik Range
12%
RevedTV Antonia Staab
8%
Unge Simon Wifels
5%
PietSmiet (alle) Jonathan Apelt, Dennis Brammen, Sebastian Lenßen, Peter Smits, Christian Stachelhaus
3%
Tanzverbot Kilian Roberto Heinrich
3%
Gnu Jasmin Sibel
2%
Keine übereinstimmenden Quizze gefunden
Verteilung der Resultate
Anzahl Personen mit jedem Resultat
Perzentil nach korrekt beantworteten Fragen
Ihre Resultats-Entwicklung
Sie haben dieses Quiz noch nicht gespielt